000 01145nam0a22002651 4500
001 rc\2780801
005 20250806210153.0
035 _a(NLR Aleph) 006907037
090 _a12614
_c12614
100 _a20110915d1942 u y0rusy50 ca
101 0 _arus
102 _aRU
105 _aa z |||||
200 1 _aОсновы теории реальных механизмов и их приложение на практике
_fПроф. докт. техн. наук Н. А. Калашников
_gНКТМ СССР. Центр. Науч.-исслед. ин-т технологии и машиностроения ЦНИИТМАШ. Центр. бюро редукторостроения
210 _aМосква
_cЦНИИТМАШ
_d1942
215 _a[2], VIII, 134 с., 9 л. черт.
_cтабл.
_d29 см.
300 _aЛитогр.
700 1 _aКалашников
_bН.А.
_gНиколай Александрович
801 0 _aRU
_bNLR
_gpsbo
801 1 _aRU
_bELAR
_2rusmarc
852 _aNLR
_jТ36 Г-7/48
942 _cBOOK
945 _aРоссийская национальная библиотека
980 _aNB
980 _aBV